Property insolvency (Record no. 110131)

MARC details
000 -LEADER
fixed length control field 00714cam a22002655a 4500
001 - CONTROL NUMBER
control field L148611
008 - FIXED-LENGTH DATA ELEMENTS--GENERAL INFORMATION
fixed length control field 091013s2009 xxk f 000 0 eng d
020 ## - INTERNATIONAL STANDARD BOOK NUMBER
International Standard Book Number 9781846611513
035 ## - SYSTEM CONTROL NUMBER
System control number (Sirsi) u148611
041 0# - LANGUAGE CODE
Language code of text/sound track or separate title eng
050 04 - LIBRARY OF CONGRESS CALL NUMBER
Classification number 346.42078 $2 18
100 1# - MAIN ENTRY--PERSONAL NAME
Personal name Levaggi, Peter
245 00 - TITLE STATEMENT
Title Property insolvency
260 ## - PUBLICATION, DISTRIBUTION, ETC.
Place of publication, distribution, etc. Bristol
Name of publisher, distributor, etc. Jordans
Date of publication, distribution, etc. 2009
300 ## - PHYSICAL DESCRIPTION
Extent xlviii, 356p.
Dimensions 25cm.
350 ## - PRICE (NR) (BK AM CF MU VM SE) [OBSOLETE]
Price 95
520 ## - SUMMARY, ETC.
Summary, etc. Discusses the law relating to property and insolvency, including bankruptcy and trustee sales.
521 ## - TARGET AUDIENCE NOTE
Target audience note Advanced
590 ## - LOCAL NOTE (RLIN)
Local note KA
651 #4 - SUBJECT ADDED ENTRY--GEOGRAPHIC NAME
Geographic name England and Wales
Chronological subdivision 1543-
690 ## - LOCAL SUBJECT ADDED ENTRY--TOPICAL TERM (OCLC, RLIN)
Topical term or geographic name as entry element MANAGEMENT-CORPORATE RECOVERY
700 1# - ADDED ENTRY--PERSONAL NAME
Personal name Elford, Roger
942 ## - ADDED ENTRY ELEMENTS (KOHA)
Suppress in OPAC 0
Holdings
Withdrawn status Lost status Source of classification or shelving scheme Damaged status Not for loan Home library Current library Shelving location Date acquired Cost, normal purchase price Total Checkouts Full call number Barcode Date last seen Copy number Cost, replacement price Price effective from Koha item type
    Dewey Decimal Classification     London London Basement 11/01/2010 95.00   BASEMENT 61 30075412 06/08/2019 1 95.00 06/08/2019 Book